[Event "NRW-Rheinland-Pfalz 2"]
[Site "?"]
[Date "2015.09.09"]
[Round "4.2"]
[White "Rotstein, Jefim"]
[Black "Schwertel, Johann"]
[Result "1-0"]
[WhiteElo "2317"]
[BlackElo "2007"]
[PlyCount "97"]
[EventDate "2015.??.??"]
[WhiteTeam "Sachsen 1"]
[BlackTeam "Mecklenburg-Vorpommern 1"]

1. e4 e6 2. d4 d5 3. Nc3 dxe4 4. Nxe4 Nf6 5. Nxf6+ Qxf6 6. Nf3 Qd8 7. Bg5 Be7 8.
h4 h6 9. Bxe7 Qxe7 10. Qd2 c6 11. Bd3 a5 12. O-O-O Na6 13. a3 Nc7 14. Ne5 Nd5
15. c4 Nf6 16. g4 Nd7 17. f4 Nxe5 18. fxe5 b5 19. c5 b4 20. axb4 axb4 21. g5 Bd7
22. Kb1 b3 23. Bc4 Bc8 24. Bxb3 Qa7 25. Kc2 Ba6 26. Rhg1 hxg5 27. Qxg5 Qe7 28.
Rd2 Rxh4 29. Qxg7 O-O-O 30. Qg2 Bb5 31. Rgd1 Qf8 32. Bc4 Kc7 33. Bxb5 cxb5 34.
Ra1 Rd5 35. Ra7+ Kb8 36. Ra5 b4 37. Qf1 Qc8 38. Qb5+ Qb7 39. Qe8+ Kc7 40. Qxf7+
Rd7 41. Qxe6 Rhxd4 42. Rxd4 Rxd4 43. Qf7+ Rd7 44. Qc4 b3+ 45. Kc3 Rg7 46. Qf4
Kd7 47. Ra4 Ke8 48. e6 Re7 49. Rb4 1-0

[Event "NRW-Rheinland-Pfalz 2"]
[Site "?"]
[Date "2015.09.09"]
[Round "4.3"]
[White "Dietzsch, Herbert"]
[Black "Hassenrueck, Helmut"]
[Result "1/2-1/2"]
[WhiteElo "2060"]
[BlackElo "2248"]
[PlyCount "64"]
[EventDate "2015.??.??"]
[WhiteTeam "Sachsen 1"]
[BlackTeam "Mecklenburg-Vorpommern 1"]

1. e4 e5 2. Bc4 Nf6 3. d3 Nc6 4. Nf3 h6 5. h3 d6 6. a3 g6 7. Nc3 Bg7 8. Be3 Qe7
9. Qd2 Be6 10. Nd5 Bxd5 11. exd5 Nd4 12. Bxd4 exd4+ 13. Kf1 O-O 14. Nxd4 Qe5 15.
c3 Nxd5 16. Re1 Qf4 17. Qxf4 Nxf4 18. Nb5 d5 19. g3 dxc4 20. gxf4 c6 21. Nd6
cxd3 22. Rd1 Rfd8 23. Nxb7 Rd5 24. c4 Rd4 25. Na5 c5 26. f5 Re8 27. fxg6 fxg6
28. Rg1 Kh7 29. Rd2 h5 30. Rg3 Re6 31. Rdxd3 Ra6 32. b4 Rxd3 1/2-1/2

[Event "NRW-Rheinland-Pfalz 2"]
[Site "?"]
[Date "2015.09.09"]
[Round "4.4"]
[White "Neese, Hans-Joachim"]
[Black "Ranker, Klemens"]
[Result "1/2-1/2"]
[WhiteElo "2175"]
[BlackElo "1864"]
[PlyCount "64"]
[EventDate "2015.??.??"]
[WhiteTeam "Sachsen 1"]
[BlackTeam "Mecklenburg-Vorpommern 1"]

1. d4 d5 2. Nf3 Nf6 3. c4 c6 4. Nc3 g6 5. Bf4 Bg7 6. e3 O-O 7. h3 Nbd7 8. Qb3 e6
9. Be2 dxc4 10. Qxc4 Nd5 11. Nxd5 exd5 12. Qc2 Nf6 13. Bd3 Re8 14. O-O Ne4 15.
Ne5 Ng5 16. h4 Ne6 17. Bg3 Bxe5 18. dxe5 Ng7 19. f4 Nf5 20. Qf2 h5 21. b3 Be6
22. Rad1 Qa5 23. Kh2 Rac8 24. Rfe1 Nh6 25. Qd2 Qc7 26. Rc1 Qe7 27. Bf2 c5 28. g3
a6 29. Red1 Bg4 30. Be2 Be6 31. Bf3 Red8 32. Kg1 Bg4 1/2-1/2

[Event "Wuerttemberg 2-Sachsen-Anhalt 1"]
[Site "?"]
[Date "2015.09.09"]
[Round "4.1"]
[White "Liebert, Heinz"]
[Black "Wolf, Walter"]
[Result "1-0"]
[WhiteElo "2215"]
[BlackElo "2125"]
[PlyCount "85"]
[EventDate "2015.??.??"]

1. c4 g6 2. Nf3 Bg7 3. Nc3 f5 4. d4 Nf6 5. g3 O-O 6. Bg2 d6 7. O-O c6 8. d5 Na6
9. dxc6 bxc6 10. Nd4 Bd7 11. Nxc6 Bxc6 12. Bxc6 Rb8 13. Qa4 Qc8 14. Bb5 Nc7 15.
Qxa7 Ng4 16. Qa4 Qe6 17. Bd7 Qf7 18. Qc6 Ne6 19. Qd5 Nc5 20. Qxf7+ Kxf7 21. Bb5
Ne6 22. h3 Nf6 23. Be3 Nh5 24. Kg2 Nc7 25. a4 d5 26. Rfd1 Rfd8 27. Bf4 e5 28.
Bg5 Bf6 29. Bxf6 Nxf6 30. cxd5 Nxb5 31. axb5 Rb7 32. Ra6 Rbd7 33. b6 Nxd5 34.
Nxd5 Rxd5 35. Ra7+ Kf6 36. Rxd5 Rxd5 37. Rxh7 Rb5 38. b7 Rxb2 39. h4 e4 40. e3
Rb1 41. Rd7 Ke6 42. g4 Kf6 43. g5+ 1-0

[Event "Wuerttemberg 2-Sachsen-Anhalt 1"]
[Site "?"]
[Date "2015.09.09"]
[Round "4.2"]
[White "Schmid, Hartmut"]
[Black "Hamm, Georg"]
[Result "1/2-1/2"]
[WhiteElo "2147"]
[BlackElo "2133"]
[PlyCount "37"]
[EventDate "2015.??.??"]

1. c4 Nf6 2. Nc3 e6 3. e4 d6 4. d4 Be7 5. Nf3 O-O 6. Be2 b6 7. Qc2 Bb7 8. O-O
Nbd7 9. Bf4 h6 10. Rfd1 Qc8 11. h3 Nh7 12. Bd3 Ng5 13. Bxg5 Bxg5 14. Nxg5 hxg5
15. Qe2 e5 16. d5 Nf6 17. Bc2 Qd8 18. Qf3 Bc8 19. g4 1/2-1/2

[Event "Wuerttemberg 2-Sachsen-Anhalt 1"]
[Site "?"]
[Date "2015.09.09"]
[Round "4.3"]
[White "Schmidt, Joeg"]
[Black "Lainburg, Viktor"]
[Result "1/2-1/2"]
[WhiteElo "2111"]
[BlackElo "2127"]
[PlyCount "80"]
[EventDate "2015.??.??"]

1. b3 e6 2. Bb2 Nf6 3. f4 Be7 4. Nf3 O-O 5. e3 b6 6. Be2 Bb7 7. O-O c5 8. a4 Nc6
9. Na3 d5 10. Ne5 a6 11. Qe1 Qc7 12. Bf3 Rad8 13. Qg3 Nxe5 14. Bxe5 Qd7 15. d3
Ne8 16. Bb2 Bf6 17. Bxf6 Nxf6 18. Rad1 Qe7 19. c4 Rd7 20. Qf2 Rfd8 21. Qe2 Ne8
22. g3 Nd6 23. Nc2 Nc8 24. e4 dxe4 25. dxe4 Na7 26. Kf2 Nc6 27. Rxd7 Qxd7 28. e5
Nd4 29. Nxd4 Qxd4+ 30. Qe3 Bxf3 31. Kxf3 Qb2 32. Rf2 Qb1 33. Kg2 Rd3 34. Rd2
Rxd2+ 35. Qxd2 Qe4+ 36. Kf2 h6 37. Qd8+ Kh7 38. Qxb6 Qc2+ 39. Kf3 Qd3+ 40. Kf2
Qc2+ 1/2-1/2

[Event "Wuerttemberg 2-Sachsen-Anhalt 1"]
[Site "?"]
[Date "2015.09.09"]
[Round "4.4"]
[White "Engbrecht, Helmut"]
[Black "Mikolajewski, Armin"]
[Result "1-0"]
[WhiteElo "2004"]
[BlackElo "2080"]
[PlyCount "80"]
[EventDate "2015.??.??"]

1. f4 d5 2. Nf3 Nf6 3. e3 g6 4. b3 Bg7 5. Bb2 O-O 6. Be2 c6 7. O-O a5 8. Ne5 Ne4
9. Bf3 Nd6 10. d4 Bf5 11. g4 Be4 12. Nd2 f6 13. Nd3 Bxf3 14. Qxf3 Nd7 15. Nc5
Nxc5 16. dxc5 Nf7 17. a4 e5 18. c4 e4 19. Qe2 g5 20. Rad1 Qc7 21. Bd4 Rad8 22.
Rf2 Qc8 23. Nf1 gxf4 24. exf4 Kh8 25. Ng3 Nh6 26. h3 Kg8 27. Nh5 Bh8 28. Kh2 Qe6
29. f5 Qe7 30. h4 Nf7 31. Qe3 Ne5 32. Rg1 Rf7 33. g5 Kf8 34. gxf6 Bxf6 35. Qg3
Rg7 36. Nxg7 Nf3+ 37. Rxf3 Bxd4 38. Ne6+ Ke8 39. Rff1 Bxg1+ 40. Rxg1 Rc8 1-0

[Event "Bayern-Sachsen-Anhalt 2"]
[Site "?"]
[Date "2015.09.09"]
[Round "4.1"]
[White "Just, Joachim"]
[Black "Schmidt, Gerhard"]
[Result "1/2-1/2"]
[WhiteElo "1969"]
[BlackElo "2207"]
[PlyCount "37"]
[EventDate "2015.??.??"]
[WhiteTeam "Sachsen-Anhalt 2"]
[BlackTeam "Bayern"]

1. d4 Nf6 2. Nf3 d5 3. Bf4 e6 4. e3 c5 5. c3 Nc6 6. Ne5 Nxe5 7. Bxe5 Be7 8. Nd2
O-O 9. Bxf6 gxf6 10. f4 cxd4 11. exd4 Qc7 12. Qf3 Bd6 13. Bd3 Bxf4 14. g3 Bh6
15. Qxf6 Bg7 16. Qh4 f5 17. O-O Bd7 18. Rae1 Qb6 19. Nf3 1/2-1/2

[Event "Bayern-Sachsen-Anhalt 2"]
[Site "?"]
[Date "2015.09.09"]
[Round "4.2"]
[White "Jergler, Karl-Heinz"]
[Black "Liebscher, Helmar"]
[Result "1-0"]
[WhiteElo "2213"]
[BlackElo "2100"]
[PlyCount "81"]
[EventDate "2015.??.??"]
[WhiteTeam "Bayern"]
[BlackTeam "Sachsen-Anhalt 2"]

1. e4 e5 2. Nf3 Nc6 3. d4 exd4 4. Nxd4 Nf6 5. Nc3 Bb4 6. Nxc6 bxc6 7. Bd3 d5 8.
exd5 cxd5 9. O-O O-O 10. Bg5 c6 11. Qf3 Bd6 12. h3 Re8 13. Rae1 Rxe1 14. Rxe1
Be6 15. Ne2 Rb8 16. Nd4 Bd7 17. Nf5 Qa5 18. c3 Ne4 19. Nxd6 Nxg5 20. Qg3 Qd8 21.
h4 Ne4 22. Nxe4 dxe4 23. Bxe4 Rxb2 24. Qd6 Qxh4 25. Qc5 g6 26. a4 Qf6 27. Bf3
Rc2 28. Qxa7 Qxc3 29. Rd1 Be6 30. a5 Ra2 31. a6 Kg7 32. Qb6 Qa3 33. Qxc6 Qxa6
34. Qc3+ Kh6 35. Qe3+ Kg7 36. Qe5+ Kh6 37. g4 Bxg4 38. Bxg4 f6 39. Qh2+ Kg7 40.
Rd7+ Kf8 41. Qb8+ 1-0

[Event "Bayern-Sachsen-Anhalt 2"]
[Site "?"]
[Date "2015.09.09"]
[Round "4.3"]
[White "Kirmas, Joachim"]
[Black "Daeubler, Heinrich"]
[Result "0-1"]
[WhiteElo "1958"]
[BlackElo "2165"]
[PlyCount "94"]
[EventDate "2015.??.??"]
[WhiteTeam "Sachsen-Anhalt 2"]
[BlackTeam "Bayern"]

1. e4 e6 2. d4 d5 3. e5 c5 4. c3 Nc6 5. Nf3 Qb6 6. a3 c4 7. Nbd2 Na5 8. Be2 Bd7
9. O-O f6 10. Re1 O-O-O 11. Qc2 Ne7 12. Rb1 Be8 13. Ra1 Ng6 14. Bf1 fxe5 15.
Nxe5 Nxe5 16. Rxe5 Bg6 17. Qd1 Bd6 18. Re1 Rde8 19. Be2 Rhf8 20. Bh5 Qc7 21. h3
Qf7 22. Bf3 Bf5 23. b4 cxb3 24. Nxb3 Nc4 25. Nd2 Bxh3 26. Nxc4 dxc4 27. Qe2 Kb8
28. Rb1 Re7 29. Bg5 Rc7 30. a4 Bf5 31. Rb2 Qg6 32. Be3 Bd3 33. Qd1 Qf6 34. Be2
Be4 35. Bf3 Bxf3 36. Qxf3 Qxf3 37. gxf3 Rxf3 38. Kg2 Rf5 39. Bd2 Rcf7 40. Re2
Kc7 41. Rb1 R7f6 42. Rh1 Rg6+ 43. Kf1 h6 44. Rh4 Ra5 45. Rhe4 Kd7 46. Bf4 Rxa4
47. Bxd6 Ra1+ 0-1

[Event "Bayern-Sachsen-Anhalt 2"]
[Site "?"]
[Date "2015.09.09"]
[Round "4.4"]
[White "Straub, Peter"]
[Black "Reinemann, Guenter"]
[Result "1/2-1/2"]
[WhiteElo "2096"]
[BlackElo "1932"]
[PlyCount "58"]
[EventDate "2015.??.??"]
[WhiteTeam "Bayern"]
[BlackTeam "Sachsen-Anhalt 2"]

1. d4 Nf6 2. Nf3 g6 3. c4 Bg7 4. g3 d6 5. Bg2 O-O 6. O-O Nc6 7. d5 Na5 8. Qa4 b6
9. Nfd2 Bd7 10. Qc2 Rb8 11. b4 Nb7 12. Bb2 Qc8 13. Nc3 a6 14. Rac1 Nd8 15. Rfe1
e5 16. Nb3 Nh5 17. c5 bxc5 18. bxc5 Bh6 19. Rb1 f5 20. Ba3 Nf7 21. Nd2 e4 22.
Nc4 dxc5 23. Bxc5 Rxb1 24. Rxb1 Re8 25. e3 Bg7 26. Ne2 Qa8 27. Rd1 Nf6 28. d6
Qc6 29. Na5 Qa4 1/2-1/2

[Event "Berlin 3-Sachsen 2"]
[Site "?"]
[Date "2015.09.09"]
[Round "4.1"]
[White "Brauer, Christian"]
[Black "Burger, Heinrich"]
[Result "1/2-1/2"]
[WhiteElo "2106"]
[BlackElo "2121"]
[PlyCount "56"]
[EventDate "2015.??.??"]
[WhiteTeam "Sachsen 2"]
[BlackTeam "VfB Hermsdorf"]

1. c4 e5 2. g3 Nc6 3. Bg2 g6 4. Nc3 Bg7 5. d3 Nge7 6. e3 O-O 7. Nge2 d6 8. O-O
Bg4 9. h3 Be6 10. Nd5 Qd7 11. Kh2 Nd8 12. Nxe7+ Qxe7 13. Nc3 f5 14. Qe2 Qf7 15.
Bd2 e4 16. b3 exd3 17. Qxd3 Nc6 18. Rad1 Ne5 19. Qc2 c6 20. Bc1 Qe7 21. Bb2 Rad8
22. Rfe1 g5 23. f4 Ng6 24. Qe2 Rfe8 25. Qf2 Bc8 26. Kh1 h6 27. e4 gxf4 28. exf5
fxg3 1/2-1/2

[Event "Berlin 3-Sachsen 2"]
[Site "?"]
[Date "2015.09.09"]
[Round "4.2"]
[White "Kollberg, Lothar"]
[Black "Eichner, Christian"]
[Result "1-0"]
[WhiteElo "2099"]
[BlackElo "2076"]
[PlyCount "95"]
[EventDate "2015.??.??"]
[WhiteTeam "SC Zugzwang 95 (Berlin)"]
[BlackTeam "Sachsen 2"]

1. d4 Nf6 2. c4 g6 3. g3 Bg7 4. Bg2 d5 5. cxd5 Nxd5 6. Nf3 O-O 7. O-O Nc6 8. e4
Nb6 9. d5 Ne5 10. Nxe5 Bxe5 11. Nc3 c6 12. Bh6 Re8 13. f4 Bxc3 14. bxc3 cxd5 15.
exd5 Qd6 16. Qd4 Qf6 17. Rfd1 Bg4 18. Rd2 Rac8 19. h3 Bd7 20. Rc1 Nc4 21. Bg5
Qxd4+ 22. Rxd4 h5 23. Kh2 f6 24. Bh4 Kf7 25. Bf3 Rh8 26. d6 Nxd6 27. Bxb7 Rc5
28. Rd5 Rxd5 29. Bxd5+ Be6 30. Bf3 Rb8 31. Rc2 Rb1 32. g4 hxg4 33. hxg4 Ra1 34.
Bf2 a6 35. c4 f5 36. gxf5 Bxf5 37. Re2 Nxc4 38. Bd5+ e6 39. Bxc4 a5 40. Bb3 Bg4
41. Rd2 Rc1 42. Kg3 Bf5 43. Rd7+ Ke8 44. Ra7 Rc3+ 45. Kh2 Rf3 46. Ba4+ Kd8 47.
Bb6+ Kc8 48. Bc6 1-0

[Event "Berlin 3-Sachsen 2"]
[Site "?"]
[Date "2015.09.09"]
[Round "4.3"]
[White "Petzold, Hans"]
[Black "Shapiro, Yosip"]
[Result "1-0"]
[WhiteElo "2066"]
[BlackElo "2101"]
[PlyCount "71"]
[EventDate "2015.??.??"]
[WhiteTeam "Sachsen 2"]
[BlackTeam "SV Berolina Mitte"]

1. e4 c6 2. Nc3 d5 3. Nf3 Bg4 4. h3 Bh5 5. Be2 e6 6. d3 Nd7 7. g4 Bg6 8. h4 f6
9. h5 Bf7 10. exd5 cxd5 11. d4 Bb4 12. Bd2 Qb6 13. Bb5 O-O-O 14. Qe2 Ne7 15.
O-O-O Nc6 16. Bxc6 bxc6 17. g5 Rhe8 18. Qd3 Bg8 19. h6 e5 20. Na4 Qa5 21. Bxb4
Qxa4 22. Qc3 Kb7 23. hxg7 e4 24. Nd2 Re6 25. g6 hxg6 26. Rh8 Rde8 27. Nb3 e3 28.
fxe3 Qxa2 29. Ba3 Rxe3 30. Rxg8 Rxc3 31. Rxe8 Qxb3 32. Rd2 Qa2 33. Kd1 Rh3 34.
Rde2 Qc4 35. g8=Q Rh1+ 36. Re1 1-0

[Event "Berlin 3-Sachsen 2"]
[Site "?"]
[Date "2015.09.09"]
[Round "4.4"]
[White "Glatthor, Thomas"]
[Black "Westphal, Norbert"]
[Result "0-1"]
[WhiteElo "2047"]
[BlackElo "1969"]
[PlyCount "122"]
[EventDate "2015.??.??"]
[WhiteTeam "VfB Hermsdorf"]
[BlackTeam "Sachsen 2"]

1. Nf3 d5 2. g3 c5 3. Bg2 Nc6 4. d3 Nf6 5. O-O e6 6. Nbd2 Be7 7. c3 O-O 8. e4
dxe4 9. dxe4 e5 10. Qe2 Qc7 11. h3 h6 12. Nh4 Re8 13. Nf5 Bf8 14. b3 Be6 15. Bb2
Rad8 16. Rfd1 Rd7 17. Nf1 Red8 18. N5e3 a6 19. Rxd7 Rxd7 20. Rd1 Qd8 21. Rxd7
Qxd7 22. Kh2 g6 23. Qd2 Qxd2 24. Nxd2 Bd6 25. Nd5 Nd7 26. Nc4 Bb8 27. Ncb6 Nxb6
28. Nxb6 Ba7 29. Nd5 c4 30. Kg1 cxb3 31. axb3 h5 32. Kf1 Na5 33. b4 Nc4 34. Bc1
Kf8 35. Ke2 Bb8 36. Bg5 Ke8 37. f4 Kd7 38. Nf6+ Kc8 39. Nd5 Bd6 40. Ne3 f6 41.
Bxf6 exf4 42. gxf4 Bxf4 43. Nxc4 Bxc4+ 44. Kf3 Bd2 45. h4 b6 46. Bh3+ Kc7 47.
Be5+ Kc6 48. Kf2 a5 49. bxa5 bxa5 50. Bd4 a4 51. e5 a3 52. e6 Be1+ 53. Kxe1 a2
54. Kf2 a1=Q 55. e7 Qa2+ 56. Kg3 Qe2 57. Bf6 Qe3+ 58. Kh2 Qf2+ 59. Bg2+ Kd7 60.
Kh3 Be6+ 61. Kh2 Bd5 0-1

[Event "Hamburg 2-Mecklenburg-Vorpommern 2"]
[Site "?"]
[Date "2015.09.09"]
[Round "4.1"]
[White "Krueger, Horst"]
[Black "Kuhn, Gerd"]
[Result "0-1"]
[WhiteElo "2119"]
[BlackElo "2076"]
[PlyCount "110"]
[EventDate "2015.??.??"]
[WhiteTeam "Mecklenburg-Vorpommern 2"]
[BlackTeam "Hamburg 2"]

1. d4 Nf6 2. c4 e6 3. Nc3 Bb4 4. Qc2 c5 5. e3 b6 6. Nf3 Bb7 7. Bd3 O-O 8. a3
Bxc3+ 9. Qxc3 Ne4 10. Bxe4 Bxe4 11. dxc5 bxc5 12. b4 Qc7 13. Bb2 f6 14. O-O Bxf3
15. gxf3 Nc6 16. f4 Rab8 17. b5 Ne7 18. Rac1 Rfd8 19. a4 Rbc8 20. f3 d5 21. Rf2
d4 22. exd4 cxd4 23. Qe1 Kf7 24. Qe4 f5 25. Qe5 Ng6 26. Qxc7+ Rxc7 27. Rd2 Nxf4
28. c5 e5 29. a5 a6 30. b6 Rc6 31. Kf2 Ke6 32. Ba3 Rd7 33. Rb1 Rb7 34. Re1 Kd5
35. Rc1 e4 36. fxe4+ fxe4 37. Kg3 Rg6+ 38. Kh4 Nd3 39. Rf1 Ne5 40. Rf5 Rh6+ 41.
Kg3 Rg6+ 42. Kh4 e3 43. Rxd4+ Kxd4 44. Bb2+ Kd3 45. Rxe5 e2 46. Ba3 Rd7 47. Kh3
Kd2 48. Bb4+ Kd1 49. Re4 Rd3+ 50. Kh4 Rb3 51. Rd4+ Kc2 52. Be1 Rc6 53. Rd2+ Kc1
54. Rxe2 Rxc5 55. Re7 Rc4+ 0-1

[Event "Hamburg 2-Mecklenburg-Vorpommern 2"]
[Site "?"]
[Date "2015.09.09"]
[Round "4.2"]
[White "Gerigk, Wolf"]
[Black "Alder, Bodo"]
[Result "1-0"]
[WhiteElo "2055"]
[BlackElo "2072"]
[PlyCount "69"]
[EventDate "2015.??.??"]
[WhiteTeam "Hamburg 2"]
[BlackTeam "Mecklenburg-Vorpommern 2"]

1. g3 g6 2. c4 Bg7 3. Nc3 c5 4. Bg2 Nc6 5. b3 e5 6. Bb2 Nge7 7. f4 d6 8. Nf3 O-O
9. O-O h6 10. d3 Nf5 11. Qd2 exf4 12. gxf4 Ncd4 13. Rae1 Nh4 14. Nxh4 Qxh4 15.
Ne4 Qe7 16. e3 Nc6 17. Bxg7 Kxg7 18. Qb2+ f6 19. d4 Nb4 20. Nf2 Rb8 21. d5 Bd7
22. a3 Na6 23. Qc3 b5 24. Qa5 Rb6 25. e4 Rf7 26. Nd3 bxc4 27. bxc4 Rb3 28. Nc1
Rb6 29. Qc3 Bc8 30. Rf3 Rb1 31. Rfe3 Nc7 32. e5 fxe5 33. fxe5 dxe5 34. Be4 Rb6
35. Nd3 1-0

[Event "Hamburg 2-Mecklenburg-Vorpommern 2"]
[Site "?"]
[Date "2015.09.09"]
[Round "4.3"]
[White "Nauschuetz, Ernst"]
[Black "Duemmke, Juergen"]
[Result "1-0"]
[WhiteElo "1993"]
[BlackElo "1975"]
[PlyCount "77"]
[EventDate "2015.??.??"]
[WhiteTeam "Mecklenburg-Vorpommern 2"]
[BlackTeam "Hamburg 2"]

1. c4 Nf6 2. g3 e6 3. Bg2 d5 4. Nf3 dxc4 5. Na3 c3 6. bxc3 c6 7. O-O Nbd7 8. d4
Qa5 9. Qb3 Ne4 10. c4 Be7 11. Bb2 O-O 12. Rfd1 Qf5 13. Nc2 a5 14. Ne3 Qg6 15. a4
h6 16. Rac1 f5 17. c5 Kh8 18. Nc4 Ndxc5 19. dxc5 Bxc5 20. e3 b5 21. Nce5 Qe8 22.
Nh4 Rf6 23. Bxe4 fxe4 24. Rxc5 Bb7 25. Qc2 Rd8 26. Rxd8 Qxd8 27. Neg6+ Kg8 28.
Bxf6 Qxf6 29. Qxe4 b4 30. Ne5 Qd8 31. Kg2 b3 32. Qc4 Qd6 33. Rxa5 c5+ 34. Nef3
b2 35. Qb3 Bd5 36. Qxb2 g5 37. Ng6 Bxf3+ 38. Kxf3 g4+ 39. Ke2 1-0

[Event "Hamburg 2-Mecklenburg-Vorpommern 2"]
[Site "?"]
[Date "2015.09.09"]
[Round "4.4"]
[White "Krotofil, Kurt"]
[Black "Krueger, Gerhard"]
[Result "1/2-1/2"]
[WhiteElo "1958"]
[BlackElo "2034"]
[PlyCount "52"]
[EventDate "2015.??.??"]
[WhiteTeam "Hamburg 2"]
[BlackTeam "Mecklenburg-Vorpommern 2"]

1. d4 d5 2. c4 c6 3. Nf3 e6 4. e3 Nf6 5. Nc3 Nbd7 6. Bd3 dxc4 7. Bxc4 b5 8. Bd3
a6 9. O-O Bb7 10. Bd2 Rc8 11. Rc1 c5 12. dxc5 Nxc5 13. Be2 Bd6 14. Nd4 Bb8 15.
Bf3 Bxf3 16. Qxf3 O-O 17. Rfd1 Qd6 18. a3 Nd3 19. Rb1 Rfd8 20. Ne4 Nxe4 21. Qxe4
Nc5 22. Qf3 e5 23. Nf5 Qe6 24. Bb4 Rxd1+ 25. Rxd1 g6 26. Bxc5 gxf5 1/2-1/2

[Event "Blindenschachbund-Schleswig-Holstein 2"]
[Site "?"]
[Date "2015.09.09"]
[Round "4.1"]
[White "Kornrumpf, Joachim"]
[Black "Riegler, Dieter"]
[Result "1-0"]
[WhiteElo "2079"]
[BlackElo "2096"]
[PlyCount "85"]
[EventDate "2015.??.??"]

1. b3 e5 2. Bb2 Nc6 3. e3 g6 4. c4 Bg7 5. d3 Nge7 6. Nf3 O-O 7. Nbd2 h6 8. a3 d6
9. Qc2 f5 10. Be2 Be6 11. O-O Kh7 12. b4 g5 13. b5 Nb8 14. d4 e4 15. Ne1 Nd7 16.
d5 Bxb2 17. Qxb2 Bf7 18. f3 Bg6 19. Nc2 Nc5 20. Nd4 Qd7 21. N2b3 exf3 22. Bxf3
Nxb3 23. Ne6 Rg8 24. Qxb3 Bf7 25. Nd4 Rgf8 26. Be2 Rg8 27. Bd3 Bg6 28. Qc2 Raf8
29. Ne6 Rf7 30. Rf2 c6 31. bxc6 bxc6 32. Nd4 cxd5 33. cxd5 Nxd5 34. Bxf5 Bxf5
35. Rxf5 Rxf5 36. Nxf5 Kh8 37. Qb2+ Kh7 38. Rf1 Ne7 39. Nd4 Ng6 40. Qc2 Rg7 41.
Rf6 Qe7 42. Qf2 Nf4 43. Rxh6+ 1-0

[Event "Blindenschachbund-Schleswig-Holstein 2"]
[Site "?"]
[Date "2015.09.09"]
[Round "4.2"]
[White "Dobierzin, Olaf"]
[Black "Kracht, Helmut"]
[Result "1-0"]
[WhiteElo "1998"]
[BlackElo "2039"]
[PlyCount "139"]
[EventDate "2015.??.??"]

1. e4 e6 2. d4 d5 3. e5 c5 4. c3 Nc6 5. Nf3 Qb6 6. a3 c4 7. Nbd2 Na5 8. g3 Bd7
9. h4 Ne7 10. Bh3 h6 11. h5 O-O-O 12. Rb1 Qc7 13. O-O g6 14. Nh2 Nf5 15. Ng4
gxh5 16. Nf6 h4 17. Bxf5 exf5 18. Nxd5 Qc6 19. Nf4 hxg3 20. fxg3 Be6 21. Qf3
Qxf3 22. Nxf3 Be7 23. Kf2 Rhg8 24. Nxe6 fxe6 25. Bxh6 Nc6 26. Rh1 Rg6 27. Bf4
Rdg8 28. Rh7 Bd8 29. Rbh1 Ne7 30. R1h6 Nd5 31. Rxg6 Rxg6 32. Bd2 Rg4 33. Ne1 f4
34. gxf4 Bh4+ 35. Kf3 Bxe1 36. Bxe1 Rxf4+ 37. Ke2 Rg4 38. Bf2 Rg6 39. Kf3 Rg5
40. Rf7 Rh5 41. Bg3 Rh1 42. Kg2 Rb1 43. Rf2 Ne3+ 44. Kh3 Rh1+ 45. Bh2 a6 46.
Rf8+ Kd7 47. Rf7+ Kc6 48. Re7 Nf1 49. Kg2 Rxh2+ 50. Kxf1 Rxb2 51. Rxe6+ Kd7 52.
Rd6+ Ke7 53. Rh6 Rb3 54. d5 Rxc3 55. d6+ Kd7 56. Rh7+ Kc6 57. Rc7+ Kb6 58. Ke2
Rxa3 59. Rxc4 Ra5 60. Re4 Ra2+ 61. Ke3 Rh2 62. e6 Rh8 63. e7 Kc6 64. e8=Q+ Rxe8
65. Rxe8 Kxd6 66. Kd4 Kc6 67. Kc4 b6 68. Re6+ Kc7 69. Kd5 a5 70. Kc4 1-0

[Event "Blindenschachbund-Schleswig-Holstein 2"]
[Site "?"]
[Date "2015.09.09"]
[Round "4.3"]
[White "Boettcher, Ulrich"]
[Black "Jagdhuber, Hans"]
[Result "1/2-1/2"]
[WhiteElo "2085"]
[BlackElo "2016"]
[PlyCount "88"]
[EventDate "2015.??.??"]

1. d4 Nf6 2. Nf3 b6 3. c4 e6 4. a3 g6 5. Nc3 Bb7 6. Bg5 d5 7. cxd5 exd5 8. Rc1
Bg7 9. g3 O-O 10. Qd2 Re8 11. Bg2 c6 12. O-O Nbd7 13. b4 Qe7 14. h3 a5 15. b5 c5
16. a4 Qf8 17. Rfe1 Ne4 18. Nxe4 dxe4 19. Nh2 cxd4 20. Rc7 Nc5 21. Ng4 Rac8 22.
Nh6+ Bxh6 23. Bxh6 e3 24. Qa2 exf2+ 25. Kxf2 Rxc7 26. Bxf8 Kxf8 27. Bxb7 Rxb7
28. Rd1 Ne4+ 29. Kf3 Nc3 30. Qa3+ Kg8 31. Rxd4 Nxe2 32. Re4 Ng1+ 33. Ke3 Rxe4+
34. Kxe4 Nxh3 35. Qd6 Ng5+ 36. Ke3 Ne6 37. Qc6 Nc5 38. Kf3 Kg7 39. Qd6 f6 40.
Qc6 h5 41. Kg2 g5 42. Kh2 Kg6 43. Kg2 g4 44. Qe8+ Kg5 1/2-1/2

[Event "Blindenschachbund-Schleswig-Holstein 2"]
[Site "?"]
[Date "2015.09.09"]
[Round "4.4"]
[White "Mueller, Manfred"]
[Black "Gehrmann, Rudolf-Rainer"]
[Result "1/2-1/2"]
[WhiteElo "1967"]
[BlackElo "2064"]
[PlyCount "121"]
[EventDate "2015.??.??"]

1. e4 c5 2. Nf3 d6 3. d4 cxd4 4. Nxd4 Nf6 5. Nc3 g6 6. Be2 Bg7 7. O-O O-O 8. Be3
Nc6 9. h3 Bd7 10. Qd2 a6 11. Rfd1 Rc8 12. Nf3 Be6 13. a3 Na5 14. e5 Ne8 15. Na4
Nc4 16. Bxc4 Rxc4 17. b3 Rc8 18. c4 b5 19. Bb6 Qd7 20. Nc5 Qc6 21. Nxe6 fxe6 22.
Bd4 bxc4 23. bxc4 Rd8 24. Qe2 Nc7 25. exd6 exd6 26. Bxg7 Kxg7 27. Nd4 Qe8 28.
Rab1 e5 29. Rb7 Rf7 30. Nf3 Qc6 31. Qb2 Re8 32. Rb6 Qxc4 33. Rdxd6 Rfe7 34. Rdc6
Qf7 35. Qc1 e4 36. Ng5 Qd5 37. Rxc7 e3 38. Qxe3 Rxc7 39. Qxe8 Qxg5 40. Qe3 Qxe3
41. fxe3 Rc3 42. Rxa6 Rxe3 43. Ra8 Kf6 44. a4 Kg5 45. a5 Ra3 46. a6 Kh4 47. Kf2
Ra2+ 48. Kf3 Ra3+ 49. Kf4 Ra5 50. a7 g5+ 51. Kf3 Ra3+ 52. Ke4 Ra4+ 53. Kd5 Ra5+
54. Kc6 Ra2 55. Kd6 Ra6+ 56. Ke5 Ra5+ 57. Kf6 Ra6+ 58. Kg7 h5 59. Kf7 Kg3 60.
Rg8 Rxa7+ 61. Kg6 1/2-1/2